000 01137cam a2200337 i 4500
999 _c57680
_d57680
001 17912049
005 20200907140448.0
008 131021s2019 maua 001 0 eng
010 _a 2013040834
020 _a9780321919007
020 _a9781292260853
040 _aDLC
_beng
_cDLC
_erda
_dDLC
041 _aeng
042 _apcc
050 0 0 _aQP34.5
_b.M455 2015
080 _a611+612 M-30
100 1 _aMarieb, Elaine Nicpon,
_d1936-
_97403
245 1 0 _aHuman Anatomy & Physiology /
_cElaine N. Marieb, Katja Hoehn.
250 _aEleventh edition.
264 1 _aBoston :
_bPearson,
_c[2019]
300 _a632 pages :
_bcolor illustrations ;
_c29 cm.
500 _aIncludes index.
650 0 _aHuman physiology.
_99414
650 0 _aHuman anatomy.
_99415
653 _aადამიანის ანატომია
653 _aფიზიოლოგია
700 _aHoehn, Katja
_eავტორი
_99416
906 _a7
_bcbc
_corignew
_d1
_eecip
_f20
_gy-gencatlg
942 _2udc
_cBK
955 _brl03 2013-10-21
_crl03 2013-10-21 to subj. (SMA contractor)
_axn09 2014-01-27 1 copy rec'd., to CIP ver.